000 00558nam a2200181Ia 4500
003 GCL
008 140319s9999 xx 000 0 ara d
040 _aGCL /
_cGCL
082 0 4 _a612
_bب ف
100 1 _aبهاءالدين ابراهيم سلامة
245 1 0 _aفى علم وظائف الاعضاء ط2 /
_cبهاءالدين ابراهيم سلامة
260 _a[S.N] :
_bدار الفكر العربى ،
_c1992
300 _a244 ص
490 _a
650 0 4 _aالفسيولوجيا
650 0 4 _aالطب الرياضى
942 _2ddc
_cBK
999 _c49246
_d49246